L' autre côté de la mort
Αποθηκεύτηκε σε:
| Κύριος συγγραφέας: | |
|---|---|
| Μορφή: | Βιβλίο |
| Γλώσσα: | Γαλλικά |
| Έκδοση: |
París
Éditions Théosophiques
1910
|
| Έκδοση: | 1a. ed |
| Θέματα: | |
| Ετικέτες: |
Προσθήκη ετικέτας
Δεν υπάρχουν, Καταχωρήστε ετικέτα πρώτοι!
|
MARC
| LEADER | 00000nam a2200000 a 4500 | ||
|---|---|---|---|
| 001 | UCJ3708 | ||
| 003 | CL-VaPUC | ||
| 008 | 070124e19100000FR |||||||||||||||||fre|d | ||
| 082 | 0 | 4 | |a 133 |b LEA |2 21 |
| 100 | |a Leadbeater, Charles Webster |e author |9 471545 | ||
| 245 | 1 | 3 | |a L' autre côté de la mort |
| 250 | |a 1a. ed | ||
| 300 | |a 597 p | ||
| 942 | |c BK | ||
| 945 | |d 20070124 00:00:00 |a rinostro | ||
| 260 | |a París |b Éditions Théosophiques |c 1910 | ||
| 650 | 7 | |a TEOSOFIA |2 CL-VaPUC |9 449380 | |
| 650 | 0 | |a Muerte |9 265114 | |
| 650 | 0 | |a Vida después de la muerte |9 505956 | |
| 650 | 7 | |a PREMONICIONES |2 CL-VaPUC |9 505957 | |
| 650 | 0 | |a Fenómenos paranormales |9 433267 | |
| 650 | 0 | |a Parasicología |9 435023 | |
| 583 | |a last modification |c 20070124 00:00:00 |k Rodrigo Vera | ||
| 999 | |c 319830 |d 319828 | ||
| 952 | |0 0 |1 0 |4 0 |6 133_000000000000000_LEA_1910 |7 0 |8 X |9 398221 |a FDOBUD |b FDOBUD |d 2019-11-22 |i 1006835 |o 133 LEA 1910 |p 1006835 |r 2019-11-22 |w 2019-11-22 |y BK_X |k BUD | ||
| 952 | |0 0 |1 0 |4 0 |6 133_000000000000000_LEA_1910 |7 0 |8 X |9 398222 |a FDOBUD |b FDOBUD |d 2019-11-22 |i 4737180 |o 133 LEA 1910 |p 4737180 |r 2019-11-22 |w 2019-11-22 |y BK_X |k BUD | ||